Statistics for State Capitals by River

Click here to take the quiz!

General Stats

  • This quiz has been taken 27 times
  • The average score is 9 of 15

Answer Stats

River Capital % Correct
ArkansasLittle Rock
95%
HudsonAlbany
91%
ConnecticutHartford
82%
CharlesBoston
77%
ChattahoocheeAtlanta
64%
DelawareTrenton
59%
JamesRichmond
59%
KennebecAugusta
59%
MerrimackConcord
55%
SusquehannaHarrisburg
55%
South PlatteDenver
50%
CanadianOklahoma City
41%
KanawhaCharleston
41%
SaltPhoenix
32%
SciotoColumbus
27%

Score Distribution

Percentile by Number Answered

Percent of People with Each Score

Your Score History

You have not taken this quiz